Top 10 Largest Cities in Turkey - Sudden Death - Statistics

General Stats
  • This quiz has been taken 49 times
  • The average score is 4 of 10
Answers on the Grid
Answers color-coded by a green-red scale on the quiz's grid according to % correct below.
Istanbul
Ankara
Izmir
Bursa
Adana
Gaziantep
Konya
Cankaya
Antalya
Bagcilar
Diyarbakir
Kayseri
Bahcelievler
Umraniye
Mersin
Esenler
Eskisehir
Trabzon
Muratpasa
Sanliurfa
Malatya
Sultangazi
Adiyaman
Erzurum
Samsun
 
Answer Stats
Answer % Correct
Ankara
87%
Istanbul
70%
Izmir
70%
Antalya
50%
Bursa
47%
Konya
43%
Adana
33%
Gaziantep
23%
Cankaya
7%
Bagcilar
3%
No matching quizzes found
Score Distribution
Percent of People with Each Score
Percentile by Number Answered
Your Score History
You have not taken this quiz